000
00386nam a22001097a 4500
082
_a
610
100
_a
आचार्य बालकृष्ण
_9
83027
245
_a
अष्टाङ्गहृदयम्
260
_a
हरिद्वार
_b
दिव्य प्रकाशन
_c
2014
650
_a
आयुर्वेद चिकित्सा
_9
83028
942
_c
HIN
999
_c
67782
_d
67782